000 00258nam a22001097a 4500
082 _a621.3848 MIC'S
100 _aSOLYMAR, L
_940040
245 _aMICROWAVE COMMUNICATIONS AND RADAR
260 _aLONDON
_bCHAPMAN & HALL
_c1974
300 _a190P
942 _cBK
999 _c583353
_d583353